Passaportes mais fracos do mundo - Statistics

Estatísticas Gerais
  • Esse quiz foi jogado 17 vezes
  • A pontuação média é 33 de 51
Estatísticas das Respostas
Posição Acessos País / Território % Correto
92º 40 Coreia do Norte
94%
90º 42 Irã
94%
96º 30 Iraque
94%
85º 48 Angola
88%
77º 57 Níger
88%
98º 25 Afeganistão
81%
86º 47 Laos
81%
94º 38 Líbia
81%
87º 45 Nigéria
81%
89º 43 República Democrática do Congo
81%
85º 48 República do Congo
81%
95º 32 Iêmen
75%
88º 44 Líbano
75%
83º 50 Vietnã
75%
79º 55 Argélia
69%
82º 51 Jordânia
69%
97º 27 Síria
69%
91º 41 Sudão
69%
89º 43 Sudão do Sul
69%
85º 48 Burundi
63%
84º 49 Camarões
63%
82º 51 Camboja
63%
86º 47 Djibuti
63%
84º 49 Egito
63%
93º 39 Eritreia
63%
87º 45 Etiópia
63%
77º 57 Guiné
63%
79º 55 Mali
63%
94º 38 Nepal
63%
95º 32 Paquistão
63%
95º 32 Somália
63%
75º 59 Burkina Faso
56%
80º 54 Guiné-Bissau
56%
81º 52 Haiti
56%
76º 58 Índia
56%
88º 44 Myanmar
56%
82º 51 República Centro-Africana
56%
75º 59 Senegal
56%
90º 42 Sri Lanka
56%
78º 56 Tajiquistão
56%
93º 39 Bangladesh
50%
82º 51 Butão
50%
81º 52 Chade
50%
81º 52 Comores
50%
78º 56 Guiné Equatorial
50%
82º 51 Libéria
50%
77º 57 Mauritânia
50%
75º 59 Costa do Marfim
44%
76º 58 Gabão
44%
76º 58 Madagascar
44%
93º 39 Palestina
25%
Nenhum quiz correspondente encontrado
Distribuição das Pontuações
Porcentagem de Pessoas com Cada Pontuação
Percentil de Números Respondidos
Sua Pontuação Histórica
Você não jogou esse quiz